Rontgenspektroskipie und Kristallstrukturanalyse /

Bibliographic Details
Main Author: Schleede, Arthur, 1892-
Other Authors: Schneider, Erich, 1891-
Format: Book
Language:German
Published: Berlin Leipzig : W. De Gruyter, 1929.
Subjects:

MARC

Tag First Indicator Second Indicator Subfields
LEADER 00000cam a2200000 4500
001 in00000453090
005 20151012085632.0
008 800523s1929 gw a 00010 ger d
035 |a (OCoLC)06351521 
035 |9 ABY3275AM 
040 |a TXA  |c TXA  |d UtOrBLW 
049 |a TXAM  |c [226030] 
090 |a QD921  |b .S35 1929 
092 |a 548.8  |b S399r 
100 1 |a Schleede, Arthur,  |d 1892- 
245 1 0 |a Rontgenspektroskipie und Kristallstrukturanalyse /  |c von Arthur Schleede und Erich Schneider. 
264 1 |a Berlin  |a Leipzig :  |b W. De Gruyter,  |c 1929. 
300 |a 2 volumes in 1 :  |b illustrations 
336 |a text  |b txt  |2 rdacontent 
337 |a unmediated  |b n  |2 rdamedia 
338 |a volume  |b nc  |2 rdacarrier 
500 |a Errata slip inserted. 
650 0 |a Crystallography. 
650 0 |a X-rays. 
650 0 |a Spectrum analysis. 
700 1 |a Schneider, Erich,  |d 1891- 
999 |a MARS 
999 f f |s 6f903643-874a-331f-a52b-6ffaccc8a7e1  |i debd9388-45c8-3d59-92ea-662c9f57de9f  |t 0 
952 f f |p ric  |a Texas A&M University  |b Rellis Campus  |c Joint Library Facility  |d Remote Storage  |t 0  |e QD921 .S35 1929  |h Library of Congress classification  |i unmediated -- volume  |m A14800947005 
998 f f |a QD921 .S35 1929  |t 0  |l Remote Storage